| 000 | 00367cam a22001097a 4500 | ||
|---|---|---|---|
| 008 | 180718b1978 xxu||||| |||| 00| 0 eng d | ||
| 082 | _aK5:O14x54 N213 | ||
| 100 | _aRamaiah, T.J. | ||
| 245 |
_aTraining capbiliters of primary health centres in India _cby T.J. Ramaiah...[et.al] |
||
| 260 |
_aDelhi _bNational Institute of Health and Family Welfare _c1978 |
||
| 300 | _a67p. | ||
| 999 |
_c499936 _d499936 |
||